Outsourced (Record no. 18107)
[ view plain ]
| 000 -LEADER | |
|---|---|
| fixed length control field | 01375cgm a22003377a 4500 |
| 005 - DATE AND TIME OF LATEST TRANSACTION | |
| control field | 20140316122616.0 |
| 007 - PHYSICAL DESCRIPTION FIXED FIELD--GENERAL INFORMATION | |
| fixed length control field | vd cgaizm |
| 008 - FIXED-LENGTH DATA ELEMENTS--GENERAL INFORMATION | |
| fixed length control field | 140316t2006 xxu98 e |||| 0| vleng d |
| 020 ## - INTERNATIONAL STANDARD BOOK NUMBER | |
| International Standard Book Number | 5022153101217 |
| 043 ## - GEOGRAPHIC AREA CODE | |
| Geographic area code | a-ii--- |
| 082 04 - DEWEY DECIMAL CLASSIFICATION NUMBER | |
| Edition number | 22 |
| Classification number | 791.4372 |
| Item number | OUT |
| 245 00 - TITLE STATEMENT | |
| Title | Outsourced |
| Medium | [videorecording] / |
| Statement of responsibility, etc | Cinemavault, a ShadowCatcher Entertainment / Tom Gorai production, a John Jeffcoat film ; produced by Tom Gorai ; written by George Wing & John Jeffcoat ; directed by John Jeffcoat. |
| 260 ## - PUBLICATION, DISTRIBUTION, ETC. (IMPRINT) | |
| Place of publication, distribution, etc | [Seattle, United States] : |
| Name of publisher, distributor, etc | ShadowCatcher Entertainment LLC., |
| Date of publication, distribution, etc | c.2006 |
| 300 ## - PHYSICAL DESCRIPTION | |
| Extent | 1 videodisc (98 min.) : |
| Other physical details | sd., col. ; |
| Dimensions | 4 3/4 in. |
| 508 ## - CREATION/PRODUCTION CREDITS NOTE | |
| Creation/production credits note | Director of photography Teodoro Maniaci ; editor Brian Berdan ; music composed BC Smith. |
| 511 ## - PARTICIPANT OR PERFORMER NOTE | |
| Participant or performer note | Josh Hamilton, Ayesha Dharker. |
| 521 ## - TARGET AUDIENCE NOTE | |
| Target audience note | Suitable only for persons of 12 years and over.<br/> |
| 650 #0 - SUBJECT ADDED ENTRY--TOPICAL TERM | |
| Topical term or geographic name as entry element | Offshore outsourcing |
| Geographic subdivision | India |
| Form subdivision | Drama |
| 9 (RLIN) | 35638 |
| 653 ## - INDEX TERM--UNCONTROLLED | |
| -- | GGEN |
| -- | March2014 |
| 700 1# - ADDED ENTRY--PERSONAL NAME | |
| Personal name | Hamilton, Josh, |
| 9 (RLIN) | 35649 |
| 700 1# - ADDED ENTRY--PERSONAL NAME | |
| Personal name | Dharker, Ayesha, |
| 9 (RLIN) | 35650 |
| 700 1# - ADDED ENTRY--PERSONAL NAME | |
| Personal name | Smith, BC |
| 9 (RLIN) | 35651 |
| 700 1# - ADDED ENTRY--PERSONAL NAME | |
| Personal name | Berdan, Brian |
| 9 (RLIN) | 35652 |
| 700 1# - ADDED ENTRY--PERSONAL NAME | |
| Personal name | Maniaci, Teodoro |
| 9 (RLIN) | 35653 |
| 700 1# - ADDED ENTRY--PERSONAL NAME | |
| Personal name | Jeffcoat, John |
| 9 (RLIN) | 35654 |
| 700 1# - ADDED ENTRY--PERSONAL NAME | |
| Personal name | Wing, George |
| 9 (RLIN) | 35655 |
| 700 1# - ADDED ENTRY--PERSONAL NAME | |
| Personal name | Gorai, Tom, |
| 9 (RLIN) | 35656 |
| 710 2# - ADDED ENTRY--CORPORATE NAME | |
| Corporate name or jurisdiction name as entry element | Shadowcatcher Entertainment (Firm) |
| 9 (RLIN) | 35657 |
| 710 2# - ADDED ENTRY--CORPORATE NAME | |
| Corporate name or jurisdiction name as entry element | Cinemavault Releasing |
| 9 (RLIN) | 35658 |
| 942 ## - ADDED ENTRY ELEMENTS (KOHA) | |
| Source of classification or shelving scheme | Dewey Decimal Classification |
| Item type | |
| Call number prefix | 791.4372 OUT |
| Withdrawn status | Lost status | Source of classification or shelving scheme | Damaged status | Not for loan | Koha collection | Home library | Current library | Shelving location | Date acquired | Source of acquisition | Cost, normal purchase price | Total Checkouts | Full call number | Barcode | Date last seen | Cost, replacement price | Koha item type |
|---|---|---|---|---|---|---|---|---|---|---|---|---|---|---|---|---|---|
| Dewey Decimal Classification | Baccah | Central Library | Central Library | Second Floor | 16/03/2014 | Purchase | 213.00 | 791.4372 OUT | 000035691 | 24/08/2022 | 266.25 | CD | DVD - Movie (NB) |